000 01214nam0a22003131 4500
001 rc\2126309
005 20110829171609.5
035 _a(NLR Aleph) 006698942
090 _a5223783
_c5223783
100 _a20110829d1979 |||y0rusy50 ca
101 1 _arus
_ceng
102 _aRU
105 _aa z |||||
200 1 _aТворцы математики
_eПредшественники соврем. математики
_eПособие для учителей
_e[Пер. с англ]
_fПод ред. и с доп. С.Н. Киро
210 _aМосква
_cПросвещение
_d1979
215 _a254 с.
_cил.
_d22
311 _aПеревод. изд.: Men of mathematics / E.T. Bell (New York, 1937)
320 _aУказ.: с. 247-251
454 0 _12001#$aMen of mathematics$fE.T. Bell
_1210##$aNew York$d1937
_1700#1$aBell$bE.T.
606 _aМатематическая наука
_xИстория
_2psbo
700 1 _aБелл
_bЭ. Т.
_f1883-1960
_gЭрик Темпл
702 1 _aКиро
_bС. Н.
_4570
801 0 _aRU
_bNLR
_gpsbo
801 1 _aRU
_bELAR
_2rusmarc
852 _aNLR
_j80-5/634
899 _aRuMoRGB
_jВ 79-55/87
899 _aRuMoRGB
_jВ 79-55/357
942 _cBOOK
980 _aNB